| 000 | 01742cam a22004577a 4500 | ||
|---|---|---|---|
| 001 | 000079542 | ||
| 003 | CHAP | ||
| 005 | 20220329142005.0 | ||
| 008 | 981126d1994 mx a r 00110 spa d | ||
| 010 | _a76719 | ||
| 011 | _a77691 | ||
| 020 | _a9688391832 | ||
| 035 | _a87362 | ||
| 040 | _cCHAP | ||
| 090 | _aFolleto 15080 | ||
| 100 | 0 | 0 |
_aZárate Zárate, Rafael. _9124130 |
| 245 | 1 | 0 |
_aEstado de la degradación de la tierra inducida por el hombre : _bun manual para su cartografía / _c/por Rafael Zárate Zárate. |
| 260 |
_aMontecillo, Méx. : _bColegio de Postgraduados. Instituto de Recursos Naturales. Programa de Edafología, _c1994. |
||
| 300 |
_a79 p. : _bilus. ; cuadros. |
||
| 410 | 2 | 1 | _aColegio de Postgraduados. Instituto de Recursos Naturales |
| 490 | 1 |
_aCuaderno de edafología _v; 24 |
|
| 590 |
_aBATCH-UPD _b10 _c20130110 _lUCH01 _h0056 |
||
| 590 |
_aBATCH-UPD _b10 _c20130110 _lUCH01 _h1854 |
||
| 590 |
_aBATCH-UPD _b10 _c20130409 _lUCH01 _h2044 |
||
| 590 |
_aBATCH-UPD _b10 _c20130410 _lUCH01 _h1223 |
||
| 590 |
_aBATCH-UPD _b10 _c20130914 _lUCH01 _h1007 |
||
| 590 |
_aCONVERSION _b10 _c20130109 _lUCH01 _h1342 |
||
| 590 |
_aE5995AHE _b05 _c20150212 _lUCH01 _h1400 |
||
| 650 | 1 | 4 |
_aErosión _xPrevención y control. _937337 |
| 650 | 1 | 4 |
_aSuelos _xDegradación. _9110336 |
| 650 | 1 | 4 |
_aSuelos _xMapas. _9110427 |
| 810 | 0 | 0 |
_aColegio de Postgraduados. Instituto de Recursos Naturales _925093 |
| 830 | 0 |
_aCuaderno de edafología _v; 24 _929712 |
|
| 901 | _aBK | ||
| 905 | _aGuadalupe Pinto C. | ||
| 942 | _cFOLL | ||
| 942 | _n0 | ||
| 949 |
_aFolleto 15080 _bBC _cFOLL _d873621 _eTS1 _i87362 _sb |
||
| 949 |
_aFolleto 15080 _bBC _cFOLL _d873622 _eTS2 _fc.2 _i87362 _sb |
||
| 949 |
_aFolleto 15080 _bBC _cUACH _d873623 _eUACH _fc.3 _i87362 _sb |
||
| 999 |
_c76719 _d76719 |
||